000 00457nam a2200181Ia 4500
001 22875
005 20260414150900.0
008 260414t2015||||xx |||||||||||||| ||spa||
041 _aESP
082 _a624.151363
_bN54
100 _aNicholson, Peter G.
_eAUT
245 0 _aSoil improvement and ground modification methods
_b
260 _c2015
300 _axviii, 455 páginas :
_c23 cm.
650 _a0
654 _aCIC
942 _cLIB
_dJUS
_fJUS
_2ddc
_n
999 _c22875
_d22875